000 00635nam a2200193Ii 4500
003 JO-AjNU
008 230605s9999||||xx |||||||||||||| ||und||
040 _aJO-AjNU
_bara
_erda
_cJO-AjNU
041 _aara
050 1 4 _aRD559 1986
100 3 _aمريدن ، موفق/ م مشارك معاوية عبدالهادي,
_eauthor
_917515
245 0 0 _aالجراحة موجز الكسور والخلوع
264 3 1 _aدمشق:مطبعة دمشق ، 1986
300 _a142ص
336 _atext
_btxt
_2rdacontent
337 _aunmediated
_bn
_2rdamedia
338 _avolume
_bnc
_2rdacarrier
650 4 _aالطب - الجراحة
_917516
999 _aA5424
_c8992
_d8992